Cambridge preparation for the TOEFL test /
Listening; Structure; Reading; Writing.
Đã lưu trong:
| 主要作者: | |
|---|---|
| 其他作者: | , |
| 格式: | 圖書 |
| 語言: | English |
| 出版: |
Tp.HCM :
Nxb Tp.HCM,
2002.
|
| 主題: | |
| 標簽: |
添加標簽
沒有標簽, 成為第一個標記此記錄!
|
| Thư viện lưu trữ: | Mạng thư viện Đại học Đà Nẵng |
|---|
| LEADER | 01292nam a2200361 a 4500 | ||
|---|---|---|---|
| 001 | 000041466 | ||
| 003 | 18356 | ||
| 005 | 20190727091545.0 | ||
| 008 | 171030s2002 | ||
| 020 | |c 80000 | ||
| 040 | |a lnn |c lnn |d lnn | ||
| 041 | 0 | |a eng | |
| 082 | 1 | 4 | |a 428.0076 |b GE-J |
| 100 | 1 | |a Gear, Jolene. | |
| 245 | 1 | 0 | |a Cambridge preparation for the TOEFL test / |c Jolene Gear, Robert Gear ; Lê Huy Lâm giới thiệu và chú giải. |
| 260 | |a Tp.HCM : |b Nxb Tp.HCM, |c 2002. | ||
| 300 | |a 620 p. : |b ill. ; |c 23,5 cm. | ||
| 520 | 3 | |a Listening; Structure; Reading; Writing. | |
| 630 | 0 | 4 | |a English language. |
| 630 | 0 | 4 | |a Toefl. |
| 650 | 0 | 4 | |a English language |x Tests. |
| 650 | 0 | 4 | |a English language |x Study and teaching |x Textbooks for foreign speakers. |
| 700 | 1 | |a Gear, Robert. | |
| 700 | 1 | |a Lê Huy Lâm |e giới thiệu và chú giải. | |
| OWN | |a LNN | ||
| AVA | |a UDN50 |b LNN |c English |d 428.01 GE-J |e available |t Error 5001 Not defined in file expand_doc_bib_avail. |f 1 |g 0 |h N |i 0 |j AN |k 1 | ||
| 999 | |a From the UDN01 | ||
| AVA | |a UDN50 |b LNN |c English |d 428.01 GE-J |e available |t Error 5001 Not defined in file expand_doc_bib_avail. |f 1 |g 0 |h N |i 0 |j AN |k 1 | ||
| TYP | |a Monograph | ||
| TYP | |a Printed language | ||
| 980 | |a Mạng thư viện Đại học Đà Nẵng | ||